| 000 | 00355nam a2200145Ia 4500 | ||
|---|---|---|---|
| 008 | 230312s9999||||xx |||||||||||||| ||und|| | ||
| 020 | _a0-470-54297-2 | ||
| 082 |
_a646.2 _bCAM-T |
||
| 100 | _aCamp;Carole,Ann | ||
| 245 | 0 | _aTeach yourself visually fashion sewing | |
| 260 |
_bWiley _aUSA _c2011 |
||
| 300 | _a283 | ||
| 650 | _aArchitecture | ||
| 942 | _cBK | ||
| 999 |
_c12049 _d12049 |
||